An introduction to the history of architecture, art & design / (Record no. 189649)

MARC details
000 -LEADER
fixed length control field 00935nam a2200277 i 4500
003 - CONTROL NUMBER IDENTIFIER
control field Uk
005 - DATE AND TIME OF LATEST TRANSACTION
control field 20230907135536.0
008 - FIXED-LENGTH DATA ELEMENTS--GENERAL INFORMATION
fixed length control field 220330s2022 my ac b 001|0|eng|d
020 ## - INTERNATIONAL STANDARD BOOK NUMBER
International Standard Book Number 9789675492242
Qualifying information paperback
040 ## - CATALOGING SOURCE
Original cataloging agency StDuBDS
Language of cataloging eng
Transcribing agency StDuBDS
Description conventions rda
082 04 - DEWEY DECIMAL CLASSIFICATION NUMBER
Classification number 720.9
Item number GRA 2022
100 1# - MAIN ENTRY--PERSONAL NAME
Personal name Gray, George T.,
Relator term author.
9 (RLIN) 306233
245 13 - TITLE STATEMENT
Title An introduction to the history of architecture, art & design /
Statement of responsibility, etc. George T. Gray.
264 #1 - PRODUCTION, PUBLICATION, DISTRIBUTION, MANUFACTURE, AND COPYRIGHT NOTICE
Place of production, publication, distribution, manufacture Petaling Jaya :
Name of producer, publisher, distributor, manufacturer Sunway University Press,
Date of production, publication, distribution, manufacture, or copyright notice 2022.
300 ## - PHYSICAL DESCRIPTION
Extent ix, 310 pages :
Other physical details colour illustrations, portraits ;
Dimensions 26 cm
336 ## - CONTENT TYPE
Content type term text
Source rdacontent
336 ## - CONTENT TYPE
Content type term still image
Source rdacontent
337 ## - MEDIA TYPE
Media type term unmediated
Source rdamedia
338 ## - CARRIER TYPE
Carrier type term volume
Source rdacarrier
504 ## - BIBLIOGRAPHY, ETC. NOTE
Bibliography, etc. note Includes bibliographical references and index.
650 #0 - SUBJECT ADDED ENTRY--TOPICAL TERM
Topical term or geographic name entry element Architecture
General subdivision History
9 (RLIN) 7995
650 #0 - SUBJECT ADDED ENTRY--TOPICAL TERM
Topical term or geographic name entry element Art
General subdivision History.
9 (RLIN) 7717
650 #0 - SUBJECT ADDED ENTRY--TOPICAL TERM
Topical term or geographic name entry element Design
General subdivision History
9 (RLIN) 306234
920 ## -
-- SODS : 334420
Holdings
Withdrawn status Lost status Source of classification or shelving scheme Damaged status Not for loan Home library Current library Date acquired Source of acquisition Cost, normal purchase price Inventory number Total Checkouts Barcode Date last seen Date last checked out Uniform Resource Identifier Cost, replacement price Price effective from Koha item type Public note
    Dewey Decimal Classification     Taylor's Library-TC Taylor's Library-TC 06/04/2023 523 71.20 700000346 1 5000175957 18/04/2024 28/02/2024 Floor 4, Shelf 40 , Side 1, TierNo 3, BayNo 3 71.20 06/04/2023 Main Collection SODSx,83004,03,RA